Persimmon Homes (Thames Valley) Ltd et al v North Hertfordshire DC and SoS Environment Transport and Regions (Record no. 70383)

MARC details
000 -LEADER
fixed length control field 00857cam a2200169 4500
001 - CONTROL NUMBER
control field x118194
008 - FIXED-LENGTH DATA ELEMENTS--GENERAL INFORMATION
fixed length control field 020528n2002 000 0 eng u
035 ## - SYSTEM CONTROL NUMBER
System control number (Sirsi) u118194
245 ## - TITLE STATEMENT
Title Persimmon Homes (Thames Valley) Ltd et al v North Hertfordshire DC and SoS Environment Transport and Regions
260 ## - PUBLICATION, DISTRIBUTION, ETC.
-- 2002
490 ## - SERIES STATEMENT
Series statement Journal of Planning and Environment Law
Volume/sequential designation [2002] JPL 460-469(10)
520 ## - SUMMARY, ETC.
Summary, etc. QBD 20 July 2001. Local authority resolved to withdraw proposals for replacement local plan. Whether there was an implied power to withdtraw local plan or proposals for the alteratin or replacement of such a plan. (Taken from headnote)
650 ## - SUBJECT ADDED ENTRY--TOPICAL TERM
Topical term or geographic name entry element PERSIMMON HOMES (THAMES VALLEY) ET AL V NORTH HERTFORDSHIRE DC V SOS ENVIRONMENT TRANSPORT
650 ## - SUBJECT ADDED ENTRY--TOPICAL TERM
Topical term or geographic name entry element LOCAL DEVELOPMENT PLANS
690 ## - LOCAL SUBJECT ADDED ENTRY--TOPICAL TERM (OCLC, RLIN)
Topical term or geographic name as entry element PLANNING LAW AND PRACTICE-CASE LAW
942 ## - ADDED ENTRY ELEMENTS (KOHA)
Suppress in OPAC 0
Holdings
Withdrawn status Lost status Source of classification or shelving scheme Damaged status Not for loan Home library Current library Shelving location Date acquired Total Checkouts Full call number Barcode Date last seen Copy number Price effective from Koha item type
    Dewey Decimal Classification     London London Journals 28/05/2002   X18194 118194-1001 06/08/2019 1 06/08/2019 Law report
    Dewey Decimal Classification     London London Journals 28/05/2002   X18194 118194-1002 06/08/2019 2 06/08/2019 Law report